header

Annual report. (Record no. 33461)

MARC details
000 -LEADER
fixed length control field 01359nam a2200313Ia 4500
245 10 - TITLE STATEMENT
Title Annual report.
260 ## - PUBLICATION, DISTRIBUTION, ETC. (IMPRINT)
Place of publication Washington, D.C. :
Name of publisher National Academy Press,
Year of publication 1999.
300 ## - PHYSICAL DESCRIPTION
Number of Pages vi, 126 p.
490 0# - SERIES STATEMENT
Series statement Annual report: Space Studies Board ;
650 #0 - SUBJECT ADDED ENTRY--TOPICAL TERM
Topical Term Space sciences
856 40 - ELECTRONIC LOCATION AND ACCESS
Uniform Resource Identifier http://site.ebrary.com/lib/rucke/Doc?id=10071892

No items available.

© 2026 Rongo University
Contact us: librarian | system librarian | Rongo university